<?xml version="1.0" encoding="UTF-8"?>
<record
    xmlns:xsi="http://www.w3.org/2001/XMLSchema-instance"
    xsi:schemaLocation="http://www.loc.gov/MARC21/slim http://www.loc.gov/standards/marcxml/schema/MARC21slim.xsd"
    xmlns="http://www.loc.gov/MARC21/slim">

  <leader>01816cas a2200337 i 4500</leader>
  <controlfield tag="001">000037552</controlfield>
  <controlfield tag="003">DO-SdBNP</controlfield>
  <controlfield tag="005">20260213145111.0</controlfield>
  <controlfield tag="007">ta</controlfield>
  <controlfield tag="008">120425c2001    dr qn1p|rd   ||   |0spa d</controlfield>
  <datafield tag="022" ind1=" " ind2=" ">
    <subfield code="a">1681-1577</subfield>
  </datafield>
  <datafield tag="040" ind1=" " ind2=" ">
    <subfield code="a">DO-SdBNP</subfield>
    <subfield code="b">spa</subfield>
    <subfield code="c">BNPHU</subfield>
    <subfield code="e">rda</subfield>
  </datafield>
  <datafield tag="041" ind1=" " ind2=" ">
    <subfield code="h">spa</subfield>
  </datafield>
  <datafield tag="043" ind1=" " ind2=" ">
    <subfield code="a">nwdr</subfield>
  </datafield>
  <datafield tag="110" ind1=" " ind2=" ">
    <subfield code="a">Editorial Umbrales</subfield>
    <subfield code="9">89009</subfield>
  </datafield>
  <datafield tag="245" ind1="0" ind2="0">
    <subfield code="a">Artes en Santo Domingo : </subfield>
    <subfield code="b">revista especializada en Arte Caribe&#xF1;o /</subfield>
    <subfield code="c">Editorial Umbrales.</subfield>
  </datafield>
  <datafield tag="264" ind1=" " ind2=" ">
    <subfield code="a">Santo Domingo, Rep&#xFA;blica Dominicana :</subfield>
    <subfield code="b">Editorial Umbrales, </subfield>
    <subfield code="c">2001.</subfield>
  </datafield>
  <datafield tag="300" ind1=" " ind2=" ">
    <subfield code="a">volumen :</subfield>
    <subfield code="b">ilustraciones, fotograf&#xED;as, pinturas ;</subfield>
    <subfield code="c">29 cm.</subfield>
  </datafield>
  <datafield tag="310" ind1=" " ind2=" ">
    <subfield code="a">Trimestral.</subfield>
  </datafield>
  <datafield tag="336" ind1=" " ind2=" ">
    <subfield code="a">texto</subfield>
    <subfield code="b">txt </subfield>
    <subfield code="2">rdaconrtent</subfield>
  </datafield>
  <datafield tag="337" ind1=" " ind2=" ">
    <subfield code="a">sin mediaci&#xF3;n </subfield>
    <subfield code="b">n </subfield>
    <subfield code="2">rdamedia</subfield>
  </datafield>
  <datafield tag="338" ind1=" " ind2=" ">
    <subfield code="a">volumen </subfield>
    <subfield code="b">nc </subfield>
    <subfield code="2">rdacarrier</subfield>
  </datafield>
  <datafield tag="362" ind1="1" ind2=" ">
    <subfield code="a">A&#xF1;o 1. no. 1 (octubre, 2001).</subfield>
  </datafield>
  <datafield tag="500" ind1=" " ind2=" ">
    <subfield code="a">Catalogaci&#xF3;n basada en: A&#xF1;o 1. no. 1 (octubre, 2001).</subfield>
  </datafield>
  <datafield tag="500" ind1=" " ind2=" ">
    <subfield code="a">Artes en Santo Domingo es una revista especializada en las artes del Caribe insular y del Caribe Continental.</subfield>
  </datafield>
  <datafield tag="520" ind1=" " ind2=" ">
    <subfield code="a">Desde hace aproximadamente cinco d&#xE9;cadas el universo cultural relacionado con las artes visuales viene experimentado grandes transformaciones que van desde una renovaci&#xF3;n de los lenguajes pl&#xE1;sticos y pensamiento est&#xE9;tico hasta una revalorizaci&#xF3;n de los soportes de la propia industria que sostiene las l&#xED;neas de promoci&#xF3;n cultural, investigaci&#xF3;n, exhibici&#xF3;n, conservaci&#xF3;n y mercadeo de los objetos creados por artistas de muy variadas culturas, estilos, t&#xE9;cnicas y conceptos est&#xE9;ticos.   </subfield>
  </datafield>
  <datafield tag="650" ind1=" " ind2="0">
    <subfield code="a">Artes</subfield>
    <subfield code="9">650</subfield>
    <subfield code="v">Publicaciones peri&#xF3;dicas </subfield>
    <subfield code="z">Rep&#xFA;blica Dominicana</subfield>
  </datafield>
  <datafield tag="650" ind1=" " ind2="0">
    <subfield code="a">Promoci&#xF3;n cultural</subfield>
    <subfield code="9">89010</subfield>
    <subfield code="v">Publicaciones peri&#xF3;dicas </subfield>
    <subfield code="z">Rep&#xFA;blica Dominicana</subfield>
  </datafield>
  <datafield tag="650" ind1=" " ind2="0">
    <subfield code="a">Exposiciones</subfield>
    <subfield code="9">84599</subfield>
    <subfield code="v">Publicaciones peri&#xF3;dicas </subfield>
    <subfield code="z">Rep&#xFA;blica Dominicana</subfield>
  </datafield>
  <datafield tag="942" ind1=" " ind2=" ">
    <subfield code="2">ddc</subfield>
    <subfield code="c">ISSUE</subfield>
  </datafield>
  <datafield tag="952" ind1=" " ind2=" ">
    <subfield code="0">0</subfield>
    <subfield code="1">0</subfield>
    <subfield code="2">ddc</subfield>
    <subfield code="4">0</subfield>
    <subfield code="5">6</subfield>
    <subfield code="7">0</subfield>
    <subfield code="8">SE</subfield>
    <subfield code="a">BNPHU</subfield>
    <subfield code="b">BNPHU</subfield>
    <subfield code="d">2026-02-13</subfield>
    <subfield code="h">A&#xF1;o 1. no. 1 (octubre, 2001)</subfield>
    <subfield code="l">0</subfield>
    <subfield code="p">2026-1085</subfield>
    <subfield code="r">2026-02-13</subfield>
    <subfield code="t">e.1</subfield>
    <subfield code="w">2026-02-13</subfield>
    <subfield code="y">ISSUE</subfield>
    <subfield code="z">Revista Caribe&#xF1;a.</subfield>
  </datafield>
  <datafield tag="952" ind1=" " ind2=" ">
    <subfield code="0">0</subfield>
    <subfield code="1">0</subfield>
    <subfield code="2">ddc</subfield>
    <subfield code="4">0</subfield>
    <subfield code="5">6</subfield>
    <subfield code="7">0</subfield>
    <subfield code="8">SE</subfield>
    <subfield code="a">BNPHU</subfield>
    <subfield code="b">BNPHU</subfield>
    <subfield code="d">2026-02-13</subfield>
    <subfield code="h">A&#xF1;o 1. no. 1 (octubre, 2001)</subfield>
    <subfield code="l">0</subfield>
    <subfield code="p">2026-1086</subfield>
    <subfield code="r">2026-02-13</subfield>
    <subfield code="t">e.2</subfield>
    <subfield code="w">2026-02-13</subfield>
    <subfield code="y">ISSUE</subfield>
    <subfield code="z">Revista Caribe&#xF1;a.</subfield>
  </datafield>
  <datafield tag="952" ind1=" " ind2=" ">
    <subfield code="0">0</subfield>
    <subfield code="1">0</subfield>
    <subfield code="2">ddc</subfield>
    <subfield code="4">0</subfield>
    <subfield code="5">6</subfield>
    <subfield code="7">0</subfield>
    <subfield code="8">SE</subfield>
    <subfield code="a">BNPHU</subfield>
    <subfield code="b">BNPHU</subfield>
    <subfield code="d">2026-02-13</subfield>
    <subfield code="h">A&#xF1;o 1. no. 1 (octubre, 2001)</subfield>
    <subfield code="l">0</subfield>
    <subfield code="p">2026-1087</subfield>
    <subfield code="r">2026-02-13</subfield>
    <subfield code="t">e.3</subfield>
    <subfield code="w">2026-02-13</subfield>
    <subfield code="y">ISSUE</subfield>
    <subfield code="z">Revista Caribe&#xF1;a.</subfield>
  </datafield>
  <datafield tag="952" ind1=" " ind2=" ">
    <subfield code="0">0</subfield>
    <subfield code="1">0</subfield>
    <subfield code="2">ddc</subfield>
    <subfield code="4">0</subfield>
    <subfield code="5">6</subfield>
    <subfield code="7">0</subfield>
    <subfield code="8">SE</subfield>
    <subfield code="a">BNPHU</subfield>
    <subfield code="b">BNPHU</subfield>
    <subfield code="d">2026-02-13</subfield>
    <subfield code="h">A&#xF1;o 1. no. 2 (enero-marzo, 2002)</subfield>
    <subfield code="l">0</subfield>
    <subfield code="p">2026-1089</subfield>
    <subfield code="r">2026-02-13</subfield>
    <subfield code="t">e.1</subfield>
    <subfield code="w">2026-02-13</subfield>
    <subfield code="y">ISSUE</subfield>
    <subfield code="z">Revista Caribe&#xF1;a.</subfield>
  </datafield>
  <datafield tag="952" ind1=" " ind2=" ">
    <subfield code="0">0</subfield>
    <subfield code="1">0</subfield>
    <subfield code="2">ddc</subfield>
    <subfield code="4">0</subfield>
    <subfield code="5">6</subfield>
    <subfield code="7">0</subfield>
    <subfield code="8">SE</subfield>
    <subfield code="a">BNPHU</subfield>
    <subfield code="b">BNPHU</subfield>
    <subfield code="d">2026-02-13</subfield>
    <subfield code="h">A&#xF1;o 1. no. 2 (enero-marzo, 2002)</subfield>
    <subfield code="l">0</subfield>
    <subfield code="p">2026-1090</subfield>
    <subfield code="r">2026-02-13</subfield>
    <subfield code="t">e.2</subfield>
    <subfield code="w">2026-02-13</subfield>
    <subfield code="y">ISSUE</subfield>
    <subfield code="z">Revista Caribe&#xF1;a.</subfield>
  </datafield>
  <datafield tag="952" ind1=" " ind2=" ">
    <subfield code="0">0</subfield>
    <subfield code="1">0</subfield>
    <subfield code="2">ddc</subfield>
    <subfield code="4">0</subfield>
    <subfield code="5">6</subfield>
    <subfield code="7">0</subfield>
    <subfield code="8">SE</subfield>
    <subfield code="a">BNPHU</subfield>
    <subfield code="b">BNPHU</subfield>
    <subfield code="d">2026-02-13</subfield>
    <subfield code="h">A&#xF1;o 1. no. 2 (enero-marzo, 2002)</subfield>
    <subfield code="l">0</subfield>
    <subfield code="p">2026-1091</subfield>
    <subfield code="r">2026-02-13</subfield>
    <subfield code="t">e.3</subfield>
    <subfield code="w">2026-02-13</subfield>
    <subfield code="y">ISSUE</subfield>
    <subfield code="z">Revista Caribe&#xF1;a.</subfield>
  </datafield>
  <datafield tag="952" ind1=" " ind2=" ">
    <subfield code="0">0</subfield>
    <subfield code="1">0</subfield>
    <subfield code="2">ddc</subfield>
    <subfield code="4">0</subfield>
    <subfield code="5">6</subfield>
    <subfield code="7">0</subfield>
    <subfield code="8">SE</subfield>
    <subfield code="a">BNPHU</subfield>
    <subfield code="b">BNPHU</subfield>
    <subfield code="d">2026-02-13</subfield>
    <subfield code="h">A&#xF1;o 1. no. 3 (abril-junio, 2002)</subfield>
    <subfield code="l">0</subfield>
    <subfield code="p">2026-1092</subfield>
    <subfield code="r">2026-02-13</subfield>
    <subfield code="t">e.1</subfield>
    <subfield code="w">2026-02-13</subfield>
    <subfield code="y">ISSUE</subfield>
    <subfield code="z">Revista Caribe&#xF1;a.</subfield>
  </datafield>
  <datafield tag="952" ind1=" " ind2=" ">
    <subfield code="0">0</subfield>
    <subfield code="1">0</subfield>
    <subfield code="2">ddc</subfield>
    <subfield code="4">0</subfield>
    <subfield code="5">6</subfield>
    <subfield code="7">0</subfield>
    <subfield code="8">SE</subfield>
    <subfield code="a">BNPHU</subfield>
    <subfield code="b">BNPHU</subfield>
    <subfield code="d">2026-02-13</subfield>
    <subfield code="h">A&#xF1;o 1. no. 3 (abril-junio, 2002)</subfield>
    <subfield code="l">0</subfield>
    <subfield code="p">2026-1094</subfield>
    <subfield code="r">2026-02-13</subfield>
    <subfield code="t">e.2</subfield>
    <subfield code="w">2026-02-13</subfield>
    <subfield code="y">ISSUE</subfield>
    <subfield code="z">Revista Caribe&#xF1;a.</subfield>
  </datafield>
  <datafield tag="952" ind1=" " ind2=" ">
    <subfield code="0">0</subfield>
    <subfield code="1">0</subfield>
    <subfield code="2">ddc</subfield>
    <subfield code="4">0</subfield>
    <subfield code="5">6</subfield>
    <subfield code="7">0</subfield>
    <subfield code="8">SE</subfield>
    <subfield code="a">BNPHU</subfield>
    <subfield code="b">BNPHU</subfield>
    <subfield code="d">2026-02-13</subfield>
    <subfield code="h">A&#xF1;o 1. no. 4 (julio-septiembre, 2002)</subfield>
    <subfield code="l">0</subfield>
    <subfield code="p">2026-1096</subfield>
    <subfield code="r">2026-02-13</subfield>
    <subfield code="t">e.1</subfield>
    <subfield code="w">2026-02-13</subfield>
    <subfield code="y">ISSUE</subfield>
    <subfield code="z">Revista Caribe&#xF1;a.</subfield>
  </datafield>
  <datafield tag="952" ind1=" " ind2=" ">
    <subfield code="0">0</subfield>
    <subfield code="1">0</subfield>
    <subfield code="2">ddc</subfield>
    <subfield code="4">0</subfield>
    <subfield code="5">6</subfield>
    <subfield code="7">0</subfield>
    <subfield code="8">SE</subfield>
    <subfield code="a">BNPHU</subfield>
    <subfield code="b">BNPHU</subfield>
    <subfield code="d">2026-02-13</subfield>
    <subfield code="h">A&#xF1;o 2. no. 5 (octubre-diciembre, 2002)</subfield>
    <subfield code="l">0</subfield>
    <subfield code="p">2026-1097</subfield>
    <subfield code="r">2026-02-13</subfield>
    <subfield code="t">e.1</subfield>
    <subfield code="w">2026-02-13</subfield>
    <subfield code="y">ISSUE</subfield>
    <subfield code="z">Revista Caribe&#xF1;a.</subfield>
  </datafield>
  <datafield tag="952" ind1=" " ind2=" ">
    <subfield code="0">0</subfield>
    <subfield code="1">0</subfield>
    <subfield code="2">ddc</subfield>
    <subfield code="4">0</subfield>
    <subfield code="5">6</subfield>
    <subfield code="7">0</subfield>
    <subfield code="8">SE</subfield>
    <subfield code="a">BNPHU</subfield>
    <subfield code="b">BNPHU</subfield>
    <subfield code="d">2026-02-13</subfield>
    <subfield code="h">A&#xF1;o 2. no. 5 (octubre-diciembre, 2002)</subfield>
    <subfield code="l">0</subfield>
    <subfield code="p">2026-1098</subfield>
    <subfield code="r">2026-02-13</subfield>
    <subfield code="t">e.2</subfield>
    <subfield code="w">2026-02-13</subfield>
    <subfield code="y">ISSUE</subfield>
    <subfield code="z">Revista Caribe&#xF1;a.</subfield>
  </datafield>
  <datafield tag="952" ind1=" " ind2=" ">
    <subfield code="0">0</subfield>
    <subfield code="1">0</subfield>
    <subfield code="2">ddc</subfield>
    <subfield code="4">0</subfield>
    <subfield code="5">6</subfield>
    <subfield code="7">0</subfield>
    <subfield code="8">SE</subfield>
    <subfield code="a">BNPHU</subfield>
    <subfield code="b">BNPHU</subfield>
    <subfield code="d">2026-02-13</subfield>
    <subfield code="h">A&#xF1;o 2. no. 6 (enero-marzo, 2003)</subfield>
    <subfield code="l">0</subfield>
    <subfield code="p">2026-1099</subfield>
    <subfield code="r">2026-02-13</subfield>
    <subfield code="t">e.1</subfield>
    <subfield code="w">2026-02-13</subfield>
    <subfield code="y">ISSUE</subfield>
    <subfield code="z">Revista Caribe&#xF1;a.</subfield>
  </datafield>
  <datafield tag="952" ind1=" " ind2=" ">
    <subfield code="0">0</subfield>
    <subfield code="1">0</subfield>
    <subfield code="2">ddc</subfield>
    <subfield code="4">0</subfield>
    <subfield code="5">6</subfield>
    <subfield code="7">0</subfield>
    <subfield code="8">SE</subfield>
    <subfield code="a">BNPHU</subfield>
    <subfield code="b">BNPHU</subfield>
    <subfield code="d">2026-02-13</subfield>
    <subfield code="h">A&#xF1;o 2. no. 6 (enero-marzo, 2003)</subfield>
    <subfield code="l">0</subfield>
    <subfield code="p">2026-1100</subfield>
    <subfield code="r">2026-02-13</subfield>
    <subfield code="t">e.2</subfield>
    <subfield code="w">2026-02-13</subfield>
    <subfield code="y">ISSUE</subfield>
    <subfield code="z">Revista Caribe&#xF1;a.</subfield>
  </datafield>
  <datafield tag="952" ind1=" " ind2=" ">
    <subfield code="0">0</subfield>
    <subfield code="1">0</subfield>
    <subfield code="2">ddc</subfield>
    <subfield code="4">0</subfield>
    <subfield code="5">6</subfield>
    <subfield code="7">0</subfield>
    <subfield code="8">SE</subfield>
    <subfield code="a">BNPHU</subfield>
    <subfield code="b">BNPHU</subfield>
    <subfield code="d">2026-02-13</subfield>
    <subfield code="h">A&#xF1;o 2. no. 7 (abril-junio, 2003)</subfield>
    <subfield code="l">0</subfield>
    <subfield code="p">2026-1101</subfield>
    <subfield code="r">2026-02-13</subfield>
    <subfield code="t">e.1</subfield>
    <subfield code="w">2026-02-13</subfield>
    <subfield code="y">ISSUE</subfield>
    <subfield code="z">Revista Caribe&#xF1;a.</subfield>
  </datafield>
  <datafield tag="952" ind1=" " ind2=" ">
    <subfield code="0">0</subfield>
    <subfield code="1">0</subfield>
    <subfield code="2">ddc</subfield>
    <subfield code="4">0</subfield>
    <subfield code="5">6</subfield>
    <subfield code="7">0</subfield>
    <subfield code="8">SE</subfield>
    <subfield code="a">BNPHU</subfield>
    <subfield code="b">BNPHU</subfield>
    <subfield code="d">2026-02-13</subfield>
    <subfield code="h">A&#xF1;o 2. no. 7 (abril-junio, 2003)</subfield>
    <subfield code="l">0</subfield>
    <subfield code="p">2026-1102</subfield>
    <subfield code="r">2026-02-13</subfield>
    <subfield code="t">e.2</subfield>
    <subfield code="w">2026-02-13</subfield>
    <subfield code="y">ISSUE</subfield>
    <subfield code="z">Revista Caribe&#xF1;a.</subfield>
  </datafield>
  <datafield tag="952" ind1=" " ind2=" ">
    <subfield code="0">0</subfield>
    <subfield code="1">0</subfield>
    <subfield code="2">ddc</subfield>
    <subfield code="4">0</subfield>
    <subfield code="5">6</subfield>
    <subfield code="7">0</subfield>
    <subfield code="8">SE</subfield>
    <subfield code="a">BNPHU</subfield>
    <subfield code="b">BNPHU</subfield>
    <subfield code="d">2026-02-13</subfield>
    <subfield code="h">A&#xF1;o 2. no. 8 (julio-septiembre, 2003)</subfield>
    <subfield code="l">0</subfield>
    <subfield code="p">2026-1103</subfield>
    <subfield code="r">2026-02-13</subfield>
    <subfield code="t">e.1</subfield>
    <subfield code="w">2026-02-13</subfield>
    <subfield code="y">ISSUE</subfield>
    <subfield code="z">Revista Caribe&#xF1;a.</subfield>
  </datafield>
  <datafield tag="952" ind1=" " ind2=" ">
    <subfield code="0">0</subfield>
    <subfield code="1">0</subfield>
    <subfield code="2">ddc</subfield>
    <subfield code="4">0</subfield>
    <subfield code="5">6</subfield>
    <subfield code="7">0</subfield>
    <subfield code="8">SE</subfield>
    <subfield code="a">BNPHU</subfield>
    <subfield code="b">BNPHU</subfield>
    <subfield code="d">2026-02-13</subfield>
    <subfield code="h">A&#xF1;o 2. no. 8 (julio-septiembre, 2003)</subfield>
    <subfield code="l">0</subfield>
    <subfield code="p">2026-1104</subfield>
    <subfield code="r">2026-02-13</subfield>
    <subfield code="t">e.2</subfield>
    <subfield code="w">2026-02-13</subfield>
    <subfield code="y">ISSUE</subfield>
    <subfield code="z">Revista Caribe&#xF1;a.</subfield>
  </datafield>
  <datafield tag="952" ind1=" " ind2=" ">
    <subfield code="0">0</subfield>
    <subfield code="1">0</subfield>
    <subfield code="2">ddc</subfield>
    <subfield code="4">0</subfield>
    <subfield code="5">6</subfield>
    <subfield code="7">0</subfield>
    <subfield code="8">SE</subfield>
    <subfield code="a">BNPHU</subfield>
    <subfield code="b">BNPHU</subfield>
    <subfield code="d">2026-02-13</subfield>
    <subfield code="h">A&#xF1;o 2. no. 9 (octubre-diciembre, 2003)</subfield>
    <subfield code="l">0</subfield>
    <subfield code="p">2026-1117</subfield>
    <subfield code="r">2026-02-13</subfield>
    <subfield code="t">e.1</subfield>
    <subfield code="w">2026-02-13</subfield>
    <subfield code="y">ISSUE</subfield>
    <subfield code="z">Revista Caribe&#xF1;a.</subfield>
  </datafield>
  <datafield tag="952" ind1=" " ind2=" ">
    <subfield code="0">0</subfield>
    <subfield code="1">0</subfield>
    <subfield code="2">ddc</subfield>
    <subfield code="4">0</subfield>
    <subfield code="5">6</subfield>
    <subfield code="7">0</subfield>
    <subfield code="8">SE</subfield>
    <subfield code="a">BNPHU</subfield>
    <subfield code="b">BNPHU</subfield>
    <subfield code="d">2026-02-13</subfield>
    <subfield code="h">A&#xF1;o 3. no. 10 (enero-marzo, 2004)</subfield>
    <subfield code="l">0</subfield>
    <subfield code="p">2026-1118</subfield>
    <subfield code="r">2026-02-13</subfield>
    <subfield code="t">e.1</subfield>
    <subfield code="w">2026-02-13</subfield>
    <subfield code="y">ISSUE</subfield>
    <subfield code="z">Revista Caribe&#xF1;a.</subfield>
  </datafield>
  <datafield tag="952" ind1=" " ind2=" ">
    <subfield code="0">0</subfield>
    <subfield code="1">0</subfield>
    <subfield code="2">ddc</subfield>
    <subfield code="4">0</subfield>
    <subfield code="5">6</subfield>
    <subfield code="7">0</subfield>
    <subfield code="8">SE</subfield>
    <subfield code="a">BNPHU</subfield>
    <subfield code="b">BNPHU</subfield>
    <subfield code="d">2026-02-13</subfield>
    <subfield code="h">A&#xF1;o 4. no. 15 (abril-junio, 2005)</subfield>
    <subfield code="l">0</subfield>
    <subfield code="p">2026-1119</subfield>
    <subfield code="r">2026-02-13</subfield>
    <subfield code="t">e.1</subfield>
    <subfield code="w">2026-02-13</subfield>
    <subfield code="y">ISSUE</subfield>
    <subfield code="z">Revista Caribe&#xF1;a.</subfield>
  </datafield>
  <datafield tag="952" ind1=" " ind2=" ">
    <subfield code="0">0</subfield>
    <subfield code="1">0</subfield>
    <subfield code="2">ddc</subfield>
    <subfield code="4">0</subfield>
    <subfield code="5">6</subfield>
    <subfield code="7">0</subfield>
    <subfield code="8">SE</subfield>
    <subfield code="a">BNPHU</subfield>
    <subfield code="b">BNPHU</subfield>
    <subfield code="d">2026-02-13</subfield>
    <subfield code="h">A&#xF1;o 4. no. 16 (julio-septiembre, 2005)</subfield>
    <subfield code="l">0</subfield>
    <subfield code="p">2026-1120</subfield>
    <subfield code="r">2026-02-13</subfield>
    <subfield code="t">e.1</subfield>
    <subfield code="w">2026-02-13</subfield>
    <subfield code="y">ISSUE</subfield>
    <subfield code="z">Revista Caribe&#xF1;a.</subfield>
  </datafield>
  <datafield tag="952" ind1=" " ind2=" ">
    <subfield code="0">0</subfield>
    <subfield code="1">0</subfield>
    <subfield code="2">ddc</subfield>
    <subfield code="4">0</subfield>
    <subfield code="5">6</subfield>
    <subfield code="7">0</subfield>
    <subfield code="8">SE</subfield>
    <subfield code="a">BNPHU</subfield>
    <subfield code="b">BNPHU</subfield>
    <subfield code="d">2026-02-13</subfield>
    <subfield code="h">A&#xF1;o 4. no. 16 (julio-septiembre, 2005)</subfield>
    <subfield code="l">0</subfield>
    <subfield code="p">2026-1121</subfield>
    <subfield code="r">2026-02-13</subfield>
    <subfield code="t">e.1</subfield>
    <subfield code="w">2026-02-13</subfield>
    <subfield code="y">ISSUE</subfield>
    <subfield code="z">Revista Caribe&#xF1;a.</subfield>
  </datafield>
  <datafield tag="952" ind1=" " ind2=" ">
    <subfield code="0">0</subfield>
    <subfield code="1">0</subfield>
    <subfield code="2">ddc</subfield>
    <subfield code="4">0</subfield>
    <subfield code="5">6</subfield>
    <subfield code="7">0</subfield>
    <subfield code="8">SE</subfield>
    <subfield code="a">BNPHU</subfield>
    <subfield code="b">BNPHU</subfield>
    <subfield code="d">2026-02-13</subfield>
    <subfield code="h">A&#xF1;o 5. no. 18 (enero-marzo, 2006)</subfield>
    <subfield code="l">0</subfield>
    <subfield code="p">2026-1122</subfield>
    <subfield code="r">2026-02-13</subfield>
    <subfield code="t">e.1</subfield>
    <subfield code="w">2026-02-13</subfield>
    <subfield code="y">ISSUE</subfield>
    <subfield code="z">Revista Caribe&#xF1;a.</subfield>
  </datafield>
  <datafield tag="952" ind1=" " ind2=" ">
    <subfield code="0">0</subfield>
    <subfield code="1">0</subfield>
    <subfield code="2">ddc</subfield>
    <subfield code="4">0</subfield>
    <subfield code="5">6</subfield>
    <subfield code="7">0</subfield>
    <subfield code="8">SE</subfield>
    <subfield code="a">BNPHU</subfield>
    <subfield code="b">BNPHU</subfield>
    <subfield code="d">2026-02-13</subfield>
    <subfield code="h">A&#xF1;o 5. no. 18 (enero-marzo, 2006)</subfield>
    <subfield code="l">0</subfield>
    <subfield code="p">2026-1123</subfield>
    <subfield code="r">2026-02-13</subfield>
    <subfield code="t">e.2</subfield>
    <subfield code="w">2026-02-13</subfield>
    <subfield code="y">ISSUE</subfield>
    <subfield code="z">Revista Caribe&#xF1;a.</subfield>
  </datafield>
  <datafield tag="952" ind1=" " ind2=" ">
    <subfield code="0">0</subfield>
    <subfield code="1">0</subfield>
    <subfield code="2">ddc</subfield>
    <subfield code="4">0</subfield>
    <subfield code="5">6</subfield>
    <subfield code="7">0</subfield>
    <subfield code="8">SE</subfield>
    <subfield code="a">BNPHU</subfield>
    <subfield code="b">BNPHU</subfield>
    <subfield code="d">2026-02-13</subfield>
    <subfield code="h">A&#xF1;o 6. no. 20 (julio-septiembre, 2006)</subfield>
    <subfield code="l">0</subfield>
    <subfield code="p">2026-1124</subfield>
    <subfield code="r">2026-02-13</subfield>
    <subfield code="t">e.1</subfield>
    <subfield code="w">2026-02-13</subfield>
    <subfield code="y">ISSUE</subfield>
    <subfield code="z">Revista Caribe&#xF1;a.</subfield>
  </datafield>
  <datafield tag="952" ind1=" " ind2=" ">
    <subfield code="0">0</subfield>
    <subfield code="1">0</subfield>
    <subfield code="2">ddc</subfield>
    <subfield code="4">0</subfield>
    <subfield code="5">6</subfield>
    <subfield code="7">0</subfield>
    <subfield code="8">SE</subfield>
    <subfield code="a">BNPHU</subfield>
    <subfield code="b">BNPHU</subfield>
    <subfield code="d">2026-02-13</subfield>
    <subfield code="h">A&#xF1;o 6. no. 20 (julio-septiembre, 2006)</subfield>
    <subfield code="l">0</subfield>
    <subfield code="p">2026-1125</subfield>
    <subfield code="r">2026-02-13</subfield>
    <subfield code="t">e.2</subfield>
    <subfield code="w">2026-02-13</subfield>
    <subfield code="y">ISSUE</subfield>
    <subfield code="z">Revista Caribe&#xF1;a.</subfield>
  </datafield>
  <datafield tag="952" ind1=" " ind2=" ">
    <subfield code="0">0</subfield>
    <subfield code="1">0</subfield>
    <subfield code="2">ddc</subfield>
    <subfield code="4">0</subfield>
    <subfield code="5">6</subfield>
    <subfield code="7">0</subfield>
    <subfield code="8">SE</subfield>
    <subfield code="a">BNPHU</subfield>
    <subfield code="b">BNPHU</subfield>
    <subfield code="d">2026-02-13</subfield>
    <subfield code="h">A&#xF1;o 7. no. 22 (enero-marzo, 2007)</subfield>
    <subfield code="l">0</subfield>
    <subfield code="p">2026-1126</subfield>
    <subfield code="r">2026-02-13</subfield>
    <subfield code="t">e.1</subfield>
    <subfield code="w">2026-02-13</subfield>
    <subfield code="y">ISSUE</subfield>
    <subfield code="z">Revista Caribe&#xF1;a.</subfield>
  </datafield>
  <datafield tag="952" ind1=" " ind2=" ">
    <subfield code="0">0</subfield>
    <subfield code="1">0</subfield>
    <subfield code="2">ddc</subfield>
    <subfield code="4">0</subfield>
    <subfield code="5">6</subfield>
    <subfield code="7">0</subfield>
    <subfield code="8">SE</subfield>
    <subfield code="a">BNPHU</subfield>
    <subfield code="b">BNPHU</subfield>
    <subfield code="d">2026-02-13</subfield>
    <subfield code="h">A&#xF1;o 7. no. 22 (enero-marzo, 2007)</subfield>
    <subfield code="l">0</subfield>
    <subfield code="p">2026-1127</subfield>
    <subfield code="r">2026-02-13</subfield>
    <subfield code="t">e.2</subfield>
    <subfield code="w">2026-02-13</subfield>
    <subfield code="y">ISSUE</subfield>
    <subfield code="z">Revista Caribe&#xF1;a.</subfield>
  </datafield>
  <datafield tag="952" ind1=" " ind2=" ">
    <subfield code="0">0</subfield>
    <subfield code="1">0</subfield>
    <subfield code="2">ddc</subfield>
    <subfield code="4">0</subfield>
    <subfield code="5">6</subfield>
    <subfield code="7">0</subfield>
    <subfield code="8">SE</subfield>
    <subfield code="a">BNPHU</subfield>
    <subfield code="b">BNPHU</subfield>
    <subfield code="d">2026-02-13</subfield>
    <subfield code="h">A&#xF1;o 7. no. 22 (enero-marzo, 2007)</subfield>
    <subfield code="l">0</subfield>
    <subfield code="p">2026-1128</subfield>
    <subfield code="r">2026-02-13</subfield>
    <subfield code="t">e.3</subfield>
    <subfield code="w">2026-02-13</subfield>
    <subfield code="y">ISSUE</subfield>
    <subfield code="z">Revista Caribe&#xF1;a.</subfield>
  </datafield>
  <datafield tag="952" ind1=" " ind2=" ">
    <subfield code="0">0</subfield>
    <subfield code="1">0</subfield>
    <subfield code="2">ddc</subfield>
    <subfield code="4">0</subfield>
    <subfield code="5">6</subfield>
    <subfield code="7">0</subfield>
    <subfield code="8">SE</subfield>
    <subfield code="a">BNPHU</subfield>
    <subfield code="b">BNPHU</subfield>
    <subfield code="d">2026-02-13</subfield>
    <subfield code="h">A&#xF1;o 7. no. 25 (julio-octubre, 2007)</subfield>
    <subfield code="l">0</subfield>
    <subfield code="p">2026-1129</subfield>
    <subfield code="r">2026-02-13</subfield>
    <subfield code="t">e.1</subfield>
    <subfield code="w">2026-02-13</subfield>
    <subfield code="y">ISSUE</subfield>
    <subfield code="z">Revista Caribe&#xF1;a.</subfield>
  </datafield>
  <datafield tag="952" ind1=" " ind2=" ">
    <subfield code="0">0</subfield>
    <subfield code="1">0</subfield>
    <subfield code="2">ddc</subfield>
    <subfield code="4">0</subfield>
    <subfield code="5">6</subfield>
    <subfield code="7">0</subfield>
    <subfield code="8">SE</subfield>
    <subfield code="a">BNPHU</subfield>
    <subfield code="b">BNPHU</subfield>
    <subfield code="d">2026-02-13</subfield>
    <subfield code="h">A&#xF1;o 7. no. 25 (julio-octubre, 2007)</subfield>
    <subfield code="l">0</subfield>
    <subfield code="p">2026-1130</subfield>
    <subfield code="r">2026-02-13</subfield>
    <subfield code="t">e.2</subfield>
    <subfield code="w">2026-02-13</subfield>
    <subfield code="y">ISSUE</subfield>
    <subfield code="z">Revista Caribe&#xF1;a.</subfield>
  </datafield>
  <datafield tag="952" ind1=" " ind2=" ">
    <subfield code="0">0</subfield>
    <subfield code="1">0</subfield>
    <subfield code="2">ddc</subfield>
    <subfield code="4">0</subfield>
    <subfield code="5">6</subfield>
    <subfield code="7">0</subfield>
    <subfield code="8">SE</subfield>
    <subfield code="a">BNPHU</subfield>
    <subfield code="b">BNPHU</subfield>
    <subfield code="d">2026-02-13</subfield>
    <subfield code="h">A&#xF1;o 7. no. 26 (enero-marzo, 2008)</subfield>
    <subfield code="l">0</subfield>
    <subfield code="p">2026-1131</subfield>
    <subfield code="r">2026-02-13</subfield>
    <subfield code="t">e.1</subfield>
    <subfield code="w">2026-02-13</subfield>
    <subfield code="y">ISSUE</subfield>
    <subfield code="z">Revista Caribe&#xF1;a.</subfield>
  </datafield>
  <datafield tag="952" ind1=" " ind2=" ">
    <subfield code="0">0</subfield>
    <subfield code="1">0</subfield>
    <subfield code="2">ddc</subfield>
    <subfield code="4">0</subfield>
    <subfield code="5">6</subfield>
    <subfield code="7">0</subfield>
    <subfield code="8">SE</subfield>
    <subfield code="a">BNPHU</subfield>
    <subfield code="b">BNPHU</subfield>
    <subfield code="d">2026-02-13</subfield>
    <subfield code="h">A&#xF1;o 7. no. 28 (julio-septiembre, 2008)</subfield>
    <subfield code="l">0</subfield>
    <subfield code="p">2026-1132</subfield>
    <subfield code="r">2026-02-13</subfield>
    <subfield code="t">e.1</subfield>
    <subfield code="w">2026-02-13</subfield>
    <subfield code="y">ISSUE</subfield>
    <subfield code="z">Revista Caribe&#xF1;a.</subfield>
  </datafield>
  <datafield tag="952" ind1=" " ind2=" ">
    <subfield code="0">0</subfield>
    <subfield code="1">0</subfield>
    <subfield code="2">ddc</subfield>
    <subfield code="4">0</subfield>
    <subfield code="5">6</subfield>
    <subfield code="7">0</subfield>
    <subfield code="8">SE</subfield>
    <subfield code="a">BNPHU</subfield>
    <subfield code="b">BNPHU</subfield>
    <subfield code="d">2026-02-13</subfield>
    <subfield code="h">A&#xF1;o 7. no. 28 (julio-septiembre, 2008)</subfield>
    <subfield code="l">0</subfield>
    <subfield code="p">2026-1133</subfield>
    <subfield code="r">2026-02-13</subfield>
    <subfield code="t">e.2</subfield>
    <subfield code="w">2026-02-13</subfield>
    <subfield code="y">ISSUE</subfield>
    <subfield code="z">Revista Caribe&#xF1;a.</subfield>
  </datafield>
  <datafield tag="952" ind1=" " ind2=" ">
    <subfield code="0">0</subfield>
    <subfield code="1">0</subfield>
    <subfield code="2">ddc</subfield>
    <subfield code="4">0</subfield>
    <subfield code="5">6</subfield>
    <subfield code="7">0</subfield>
    <subfield code="8">SE</subfield>
    <subfield code="a">BNPHU</subfield>
    <subfield code="b">BNPHU</subfield>
    <subfield code="d">2026-02-13</subfield>
    <subfield code="h">A&#xF1;o 8, no. 29 (octubre-diciembre, 2008)</subfield>
    <subfield code="l">0</subfield>
    <subfield code="p">2026-1134</subfield>
    <subfield code="r">2026-02-13</subfield>
    <subfield code="t">e.1</subfield>
    <subfield code="w">2026-02-13</subfield>
    <subfield code="y">ISSUE</subfield>
    <subfield code="z">Revista Caribe&#xF1;a.</subfield>
  </datafield>
  <datafield tag="952" ind1=" " ind2=" ">
    <subfield code="0">0</subfield>
    <subfield code="1">0</subfield>
    <subfield code="2">ddc</subfield>
    <subfield code="4">0</subfield>
    <subfield code="5">6</subfield>
    <subfield code="7">0</subfield>
    <subfield code="8">SE</subfield>
    <subfield code="a">BNPHU</subfield>
    <subfield code="b">BNPHU</subfield>
    <subfield code="d">2026-02-13</subfield>
    <subfield code="h">A&#xF1;o 8, no. 29 (octubre-diciembre, 2008)</subfield>
    <subfield code="l">0</subfield>
    <subfield code="p">2026-1135</subfield>
    <subfield code="r">2026-02-13</subfield>
    <subfield code="t">e.2</subfield>
    <subfield code="w">2026-02-13</subfield>
    <subfield code="y">ISSUE</subfield>
    <subfield code="z">Revista Caribe&#xF1;a.</subfield>
  </datafield>
  <datafield tag="952" ind1=" " ind2=" ">
    <subfield code="0">0</subfield>
    <subfield code="1">0</subfield>
    <subfield code="2">ddc</subfield>
    <subfield code="4">0</subfield>
    <subfield code="5">6</subfield>
    <subfield code="7">0</subfield>
    <subfield code="8">SE</subfield>
    <subfield code="a">BNPHU</subfield>
    <subfield code="b">BNPHU</subfield>
    <subfield code="d">2026-02-13</subfield>
    <subfield code="h">A&#xF1;o 8, no. 31 (abril-junio, 2009)</subfield>
    <subfield code="l">0</subfield>
    <subfield code="p">2026-1136</subfield>
    <subfield code="r">2026-02-13</subfield>
    <subfield code="t">e.1</subfield>
    <subfield code="w">2026-02-13</subfield>
    <subfield code="y">ISSUE</subfield>
    <subfield code="z">Revista Caribe&#xF1;a.</subfield>
  </datafield>
  <datafield tag="952" ind1=" " ind2=" ">
    <subfield code="0">0</subfield>
    <subfield code="1">0</subfield>
    <subfield code="2">ddc</subfield>
    <subfield code="4">0</subfield>
    <subfield code="5">6</subfield>
    <subfield code="7">0</subfield>
    <subfield code="8">SE</subfield>
    <subfield code="a">BNPHU</subfield>
    <subfield code="b">BNPHU</subfield>
    <subfield code="d">2026-02-13</subfield>
    <subfield code="h">A&#xF1;o 8, no. 32 (julio-octubre, 2009)</subfield>
    <subfield code="l">0</subfield>
    <subfield code="p">2026-1137</subfield>
    <subfield code="r">2026-02-13</subfield>
    <subfield code="t">e.1</subfield>
    <subfield code="w">2026-02-13</subfield>
    <subfield code="y">ISSUE</subfield>
    <subfield code="z">Revista Caribe&#xF1;a.</subfield>
  </datafield>
  <datafield tag="952" ind1=" " ind2=" ">
    <subfield code="0">0</subfield>
    <subfield code="1">0</subfield>
    <subfield code="2">ddc</subfield>
    <subfield code="4">0</subfield>
    <subfield code="5">6</subfield>
    <subfield code="7">0</subfield>
    <subfield code="8">SE</subfield>
    <subfield code="a">BNPHU</subfield>
    <subfield code="b">BNPHU</subfield>
    <subfield code="d">2026-02-13</subfield>
    <subfield code="h">A&#xF1;o 8, no. 32 (julio-octubre, 2009)</subfield>
    <subfield code="l">0</subfield>
    <subfield code="p">2026-1138</subfield>
    <subfield code="r">2026-02-13</subfield>
    <subfield code="t">e.2</subfield>
    <subfield code="w">2026-02-13</subfield>
    <subfield code="y">ISSUE</subfield>
    <subfield code="z">Revista Caribe&#xF1;a.</subfield>
  </datafield>
  <datafield tag="952" ind1=" " ind2=" ">
    <subfield code="0">0</subfield>
    <subfield code="1">0</subfield>
    <subfield code="2">ddc</subfield>
    <subfield code="4">0</subfield>
    <subfield code="5">6</subfield>
    <subfield code="7">0</subfield>
    <subfield code="8">SE</subfield>
    <subfield code="a">BNPHU</subfield>
    <subfield code="b">BNPHU</subfield>
    <subfield code="d">2026-02-13</subfield>
    <subfield code="h">A&#xF1;o 8, no. 33 (octubre-diciembre, 2009)</subfield>
    <subfield code="l">0</subfield>
    <subfield code="p">2026-1139</subfield>
    <subfield code="r">2026-02-13</subfield>
    <subfield code="t">e.1</subfield>
    <subfield code="w">2026-02-13</subfield>
    <subfield code="y">ISSUE</subfield>
    <subfield code="z">Revista Caribe&#xF1;a.</subfield>
  </datafield>
  <datafield tag="952" ind1=" " ind2=" ">
    <subfield code="0">0</subfield>
    <subfield code="1">0</subfield>
    <subfield code="2">ddc</subfield>
    <subfield code="4">0</subfield>
    <subfield code="5">6</subfield>
    <subfield code="7">0</subfield>
    <subfield code="8">SE</subfield>
    <subfield code="a">BNPHU</subfield>
    <subfield code="b">BNPHU</subfield>
    <subfield code="d">2026-02-13</subfield>
    <subfield code="h">A&#xF1;o 9, no. 35 (diciembre 2010)</subfield>
    <subfield code="l">0</subfield>
    <subfield code="p">2026-1140</subfield>
    <subfield code="r">2026-02-13</subfield>
    <subfield code="t">e.1</subfield>
    <subfield code="w">2026-02-13</subfield>
    <subfield code="y">ISSUE</subfield>
    <subfield code="z">Revista Caribe&#xF1;a.</subfield>
  </datafield>
  <datafield tag="999" ind1=" " ind2=" ">
    <subfield code="c">37042</subfield>
    <subfield code="d">37042</subfield>
  </datafield>
</record>
